[Event "Stay Safe Play From Home 193"]
[Site "T#646517Emanuel Laske"]
[Date "2020.06.02"]
[Round "1"]
[White "Mepe_Nika"]
[Black "Scorpio New"]
[Result "0-1"]
[WhiteElo "2307"]
[BlackElo "2107"]
[Annotator "TA"]
[PlyCount "120"]
[EventDate "2020.06.02"]
[EventType "swiss (blitz)"]

{[%evp 9,120,16,23,17,44,9,21,35,38,14,21,-12,-4,-30,9,-60,-16,-16,0,0,0,1,2,2,45,41,77,77,107,125,117,124,179,191,272,263,296,175,185,180,214,199,203,197,282,282,252,183,654,657,603,564,653,524,516,491,502,492,835,820,1501,1019,1917,1145,2259,2129,29986,29961,29987,29987,29987,29986,29990,29989,29994,29995,29995,29996,29996,29995,29995,29992,29994,29995,29995,29996,29996,29986,29986,29985,29986,29987,29987,29988,29989,29988,29988,0,29989,0,29989,29990,29989,29984,29990,29991,29991,29990,29994,29991,29995,29990,29990]} 1. c4 d6 2. Nc3 g6 3. g3 Bg7 4. Bg2 Nd7 5. d3 c6 6. Rb1 {[#] A10: English Opening: Unusual Replies for Black.} Qc7 $146 ({Predecessor:} 6... Ngf6 7. Nf3 O-O 8. O-O Nb6 9. b4 d5 10. c5 Nbd7 11. d4 Re8 12. b5 e5 13. bxc6 bxc6 14. Qa4 Ne4 15. Nxe4 dxe4 16. Nxe5 Nxe5 17. dxe5 {0-1 (26) Marin Aso,J (1915)-Berrocal Exposito,F (1796) Madrid 2019}) 7. Bd2 e5 8. b4 {The position is equal.} f5 9. a3 Ngf6 10. Qc1 O-O 11. Bh6 Re8 12. h4 ({White should play} 12. Bxg7 $11 Kxg7 13. Nf3) 12... Nf8 13. Bxg7 Kxg7 14. Nf3 Qe7 15. O-O Be6 16. a4 N6d7 17. Ng5 h6 18. Nxe6+ {Black is on the road to losing.} Qxe6 19. b5 Rac8 20. a5 Re7 (20... a6 $16) 21. a6 $18 bxa6 (21... b6 $142 22. bxc6 Nb8) 22. bxc6 Nc5 23. Nd5 (23. Rd1 $142) 23... Rf7 24. Qa3 $36 {[%mdl 2048] Black is under strong pressure.} g5 25. hxg5 hxg5 26. c7 Ng6 (26... Nh7 $142 27. e3 Nf6) 27. Rb8 Rff8 28. Rfb1 {Hoping for Rxc8.} Rh8 $2 (28... Ne7 29. e3 Nxd5) 29. Rxc8 Rxc8 30. Rb8 Ne7 {If Black can now play ...Nxd5 this consolidates a bit.} 31. Qa1 Nc6 32. Rxc8 Qxc8 33. f4 Nd4 (33... Ne6 $142 34. Qa4 Ncd4 35. fxe5 dxe5) 34. e3 Nc2 35. Qc3 Nd7 36. Qxc2 gxf4 37. gxf4 exf4 38. Qc3+ Kf7 39. exf4 Qe8 40. Qd2 Qc8 41. Qe3 Nf8 42. Qe7+ {[%mdl 64] Double Attack} Kg6 43. Qf6+ Kh7 {[#]} 44. Ne7 $1 Qe6 45. Qxf5+ Qxf5 46. Nxf5 Kg8 47. c8=Q Kf7 48. Qxf8+ Kxf8 49. Nxd6 Ke7 50. Nb7 a5 51. Nxa5 a6 52. Nb3 Kd6 53. Na5 $2 (53. c5+ Ke7 54. f5 Kd8 55. c6 Ke7 56. c7 Kd7 57. f6 a5 58. f7) 53... Kc7 $2 {[%mdl 8192] [#]} (53... Ke7 $11 54. d4 Kf6 55. c5 Ke7 56. Bh3 Kd8 57. d5 Ke7 58. d6+ Kf8) 54. Nb3 $2 (54. f5 {mates} Kd6 55. Be4 Kd7 56. c5 Ke8 57. c6 Ke7 58. c7 Kd7 59. f6) 54... Kb6 $2 {[%mdl 8192]} (54... Kd6 $11 55. c5+ Kd7 56. f5 Ke7 57. c6 Kd6 58. f6 a5 59. Nxa5 Ke6) 55. c5+ {White mates.} Kb5 56. Nc1 a5 57. d4 a4 58. c6 a3 59. Na2 Ka4 60. Nc3+ Kb3 {[%mdl 32768] Accuracy: White = 73%, Black = 39%. . Sensor Board Error (Ke4/e5)?} 0-1

[Event "Stay Safe Play From Home 193"]
[Site "T#646517Emanuel Laske"]
[Date "2020.06.02"]
[Round "1"]
[White "Tolka"]
[Black "Castlingarrocco"]
[Result "1-0"]
[WhiteElo "2284"]
[BlackElo "1933"]
[Annotator "TA"]
[PlyCount "27"]
[EventDate "2020.06.02"]
[EventType "swiss (blitz)"]

{[%evp 9,27,14,93,46,43,30,41,6,976,952,917,925,989,978,1003,976,1094,997,952,907]} 1. e3 d5 2. e4 c6 3. exd5 cxd5 4. d4 e6 5. Nf3 {[#]} f5 $146 (5... Bd6 $11 {keeps the balance.}) ({Predecessor:} 5... Nf6 6. Bd3 Nc6 7. O-O Bd6 8. c3 Qc7 9. h3 Bd7 10. Be3 Ne4 11. c4 Nb4 {1-0 (38) Krapivin,A (2394)-Vysotskiy,O (2091) Moscow 2020}) 6. Bd3 {A00: Irregular Openings.} Nf6 7. c3 Bd6 8. Bg5 {White is slightly better.} Ne4 $2 {[%mdl 8192] [#] This move loses the game for Black.} (8... Nc6 $11) 9. Bxd8 $18 {White is clearly winning.} Kxd8 10. Bxe4 dxe4 11. Ne5 Bxe5 12. dxe5+ Ke7 13. Na3 Nc6 14. Qd6+ 1-0

[Event "Stay Safe Play From Home 193"]
[Site "T#646517Emanuel Laske"]
[Date "2020.06.02"]
[Round "1"]
[White "Indianquant"]
[Black "Emresenar"]
[Result "1-0"]
[WhiteElo "2274"]
[BlackElo "1733"]
[Annotator "TA"]
[PlyCount "70"]
[EventDate "2020.06.02"]
[EventType "swiss (blitz)"]

{[%evp 9,70,17,25,4,19,8,40,29,63,66,73,68,70,52,65,51,54,66,66,73,70,52,62,51,62,75,57,21,61,0,0,0,50,0,367,332,488,478,644,602,632,614,707,644,826,813,987,993,990,979,979,952,922,948,1090,970,1064,1054,1662,1645,1677,1213,1817]} 1. Nf3 b6 2. g3 Bb7 3. Bg2 Nf6 4. O-O g6 5. c4 Bg7 6. Nc3 {A15: English Opening: 1...Nf6.} O-O 7. Re1 Nc6 8. e4 {White is slightly better.} d6 9. d4 e5 10. d5 Ne7 {[#]} 11. h3 $146 ({Predecessor:} 11. b4 a5 12. b5 Bc8 13. a4 Bd7 14. Bd2 Qc8 15. Qc1 Nh5 16. Kh1 f5 17. Bg5 {0-1 (35) Jeremicius,S (1299)-Shalabayev,S Kaunas 2016}) 11... c6 12. Be3 cxd5 13. cxd5 Rc8 14. Rc1 Qd7 15. Nd2 Ne8 16. h4 f5 {[#] Strongly threatening ...f4.} 17. Bh3 Nf6 18. f3 Qd8 19. Bf2 ({Better is} 19. Qa4 $14) 19... Bh6 $11 20. a4 Nh5 21. Kg2 f4 $2 {[%mdl 8192]} (21... Rc7 $11 {and Black stays safe.}) 22. g4 $18 Nf6 (22... Ng3 $142 23. Bxg3 fxg3) 23. g5 {[%mdl 64] [#] Double Attack. White is clearly winning.} Nh5 24. Be6+ Kh8 25. gxh6 Ng8 26. Nb5 Rxc1 27. Qxc1 Ngf6 28. Qc7 Qxc7 29. Nxc7 Ng8 30. Rc1 Nxh6 31. Nb5 Nf7 32. Nxa7 g5 33. Rc7 gxh4 34. Bxh4 Nh6 35. Kf2 Ng3 {Accuracy: White = 83%, Black = 43%.} 1-0

[Event "Stay Safe Play From Home 193"]
[Site "T#646517Emanuel Laske"]
[Date "2020.06.02"]
[Round "1"]
[White "Lazieri3"]
[Black "Broken sword"]
[Result "0-1"]
[WhiteElo "2086"]
[BlackElo "2525"]
[Annotator "TA"]
[PlyCount "130"]
[EventDate "2020.06.02"]
[EventType "swiss (blitz)"]

{[%evp 9,130,46,77,80,59,46,69,18,22,25,27,31,26,26,24,0,7,-8,0,-26,-25,-63,-8,-10,11,-10,-12,-16,90,89,93,91,132,40,80,50,62,29,135,150,250,249,516,512,515,497,488,478,754,754,740,721,725,718,614,0,174,133,175,174,195,195,427,341,323,263,288,252,455,429,837,829,805,783,833,793,845,741,989,1018,1004,1010,990,957,1032,1010,1009,1009,960,925,917,891,4133,2190,1292,0,1173,1016,767,367,379,0,758,601,681,612,637,598,1618,1618,1615,1597,1574,1534,1493,1493,1493,1493,29987,1036,839,509,1493]} 1. e4 c5 2. Nc3 e6 3. d3 a6 4. Nf3 {[#]} f6 $146 ({Predecessor:} 4... Qc7 5. g4 g5 6. Ne5 {1-0 (6) Nitin,S (2329)-Trailokya,N (1948) Majitar 2019}) 5. Bf4 d5 6. exd5 {B40: Sicilian: 2...e6, Unusual lines.} exd5 7. d4 {Hoping for dxc5.} c4 $1 8. Be2 (8. Bxc4 $14 dxc4 9. Qe2+ Ne7 10. O-O) 8... Bd6 9. Bxd6 Qxd6 10. O-O Ne7 11. Re1 O-O 12. h3 Nbc6 13. Qd2 Bf5 14. Nd1 b5 15. c3 Bg6 (15... Ng6 $15) 16. Ne3 $11 Rfe8 17. a3 Rad8 18. Nh4 Qc7 (18... Be4 $11) 19. Nxg6 $16 hxg6 20. Bf3 Qd6 21. Nf1 (21. Re2 $16) 21... f5 22. Ng3 Kf7 23. Qg5 Ng8 (23... Qf6 $11 24. Qf4 Rh8) 24. h4 Nf6 (24... Rxe1+ $16 25. Rxe1 Qf6) 25. h5 $18 {[%mdl 64] [#] Overworked Piece} gxh5 $2 (25... Ne7 26. Re5 (26. hxg6+ Nxg6 27. Rxe8 Rxe8 $18) 26... gxh5 27. Nxh5 (27. Bxh5+ Nxh5 28. Qxh5+ Qg6 $16) 27... g6) 26. Nxf5 {[%csl Gf5][%cal Rg5g7]} Qf8 27. Bxh5+ Nxh5 28. Qxh5+ g6 (28... Kg8 $142 29. Qg6 Rxe1+ 30. Rxe1 Qf6 31. Qxf6 gxf6) 29. Qh7+ Kf6 30. Nh6 Qg7 31. Ng4+ Kf7 32. Nh6+ $2 $40 {[%mdl 128] White attacks.} (32. Qh2 $18 Kf8 33. Qf4+ Qf7 34. Rxe8+ Kxe8 35. Re1+ Kf8 36. Qg5) 32... Kf8 $2 (32... Kf6 $1 $11 33. Ng4+ Kf7) 33. Qxg7+ Kxg7 34. Ng4 Kf7 35. f4 Re4 $2 (35... a5 {was worth a try.} 36. Kf2 Rxe1 37. Rxe1 Rh8 38. Ne5+ Nxe5 39. Rxe5 Rd8) 36. Ne5+ Nxe5 37. fxe5 Rxe1+ 38. Rxe1 {[%mdl 4096] Endgame KR-KR} Ke6 $2 (38... Ke7 {is a better defense.} 39. Rf1 a5) 39. Rf1 Rg8 (39... a5 $142 40. Rf6+ Ke7) 40. Rf6+ Kd7 41. Rxa6 g5 42. Rb6 g4 43. Kf2 g3+ 44. Kf3 Ke7 45. Rxb5 Ke6 46. Rb6+ Kf5 47. Rf6+ Kg5 48. Kxg3 Rh8 49. Kf3 Rh1 50. g3 Rf1+ 51. Kg2 Rb1 52. Kh3 $2 ({White should play} 52. Rf1 $18 Rxb2+ 53. Rf2) 52... Rxb2 $2 {[%mdl 8192]} (52... Rh1+ $11 53. Kg2 Re1) 53. Rf4 Rb3 54. Rg4+ (54. Rf3 $142 {aiming for e6.} Rxa3 55. e6) 54... Kf5 55. Rf4+ $2 ({White has to play} 55. Kh4 $18) 55... Ke6 $2 {[%mdl 8192]} (55... Kg5 $11) 56. Rf6+ Ke7 57. Rd6 Rxc3 58. Rxd5 Rxa3 59. Rc5 Rc3 60. d5 Rc1 61. d6+ Ke6 62. Kg4 c3 63. Rc7 {[#] White threatens Re7+ and mate.} c2 64. d7 (64. Re7+ $142 Kd5 65. d7 Rf1 66. d8=Q+ Ke4 67. Qa8+ Ke3 68. Qa3+ Ke2 69. Rc7) 64... Rd1 65. Rxc2 Rd4+ {[%mdl 32768] Accuracy: White = 67%, Black = 42%. . Loss on time!?} (65... Rxd7 $142 66. Rc5 Rd2) 0-1

[Event "Stay Safe Play From Home 193"]
[Site "T#646517Emanuel Laske"]
[Date "2020.06.02"]
[Round "1"]
[White "Fischer_11"]
[Black "Shyamph1980"]
[Result "1-0"]
[WhiteElo "2083"]
[BlackElo "1620"]
[Annotator "NA RC"]
[PlyCount "49"]
[EventDate "2020.06.02"]
[EventType "swiss (blitz)"]

1. e4 {[%emt 0:00:05]} c5 {[%emt 0:00:01]} 2. c3 {[%emt 0:00:01]} d6 {[%emt 0:00:01]} 3. d4 {[%emt 0:00:01]} cxd4 {[%emt 0:00:01]} 4. cxd4 {[%emt 0:00:01]} Nf6 {[%emt 0:00:01]} 5. Nc3 {[%emt 0:00:00]} Nc6 {[%emt 0:00:02]} 6. h3 {[%emt 0:00:03]} a6 {[%emt 0:00:01]} 7. Nf3 {[%emt 0:00:01]} g6 {[%emt 0:00:01]} 8. Be3 {[%emt 0:00:01]} Bg7 {[%emt 0:00:01]} 9. Bd3 {[%emt 0:00:00]} O-O {[%emt 0:00:01]} 10. a3 {[%emt 0:00:00]} b5 {[%emt 0:00:02]} 11. O-O {[%emt 0:00:00]} Na5 {[%emt 0:00:01]} 12. Rc1 {[%emt 0:00:01]} Bb7 {[%emt 0:00:00]} 13. Bb1 {[%emt 0:00:02]} Rc8 {[%emt 0:00:01]} 14. Qe2 {[%emt 0:00:02]} Nd7 {[%emt 0:00:02]} 15. Rfd1 {[%emt 0:00:03]} e6 {[%emt 0:00:01]} 16. Bg5 {[%emt 0:00:02]} Bf6 {[%emt 0:00:03]} 17. Bf4 {[%emt 0:00:01]} e5 {[%emt 0:00:01]} 18. dxe5 {[%emt 0:00:01]} dxe5 {[%emt 0:00:01]} 19. Bxe5 {[%emt 0:00:05]} Qe7 {[%emt 0:00:01]} 20. Bxf6 {[%emt 0:00:03]} Nxf6 {[%emt 0:00:01]} 21. e5 {[%emt 0:00:02]} Rfe8 {[%emt 0:00:03]} 22. exf6 {[%emt 0:00:08]} Qxe2 {[%emt 0:00:01]} 23. Nxe2 {[%emt 0:00:00]} Rxe2 {[%emt 0:00:01]} 24. Rxc8+ {[%emt 0:00:01]} Bxc8 {[%emt 0:00:02]} 25. Rd8+ {[%emt 0:00:00] Shyamph1980 resigns (Lag: Av=0.49s, max=0.8s)} 1-0

[Event "Stay Safe Play From Home 193"]
[Site "T#646517Emanuel Laske"]
[Date "2020.06.02"]
[Round "1"]
[White "SoulofWolf"]
[Black "Grizzzly"]
[Result "1-0"]
[WhiteElo "2078"]
[BlackElo "1700"]
[Annotator "TA"]
[PlyCount "83"]
[EventDate "2020.06.02"]
[EventType "swiss (blitz)"]

{[%evp 9,82,-30,-13,-28,-3,-61,-51,-82,-50,-56,-22,-39,-17,-59,-64,-110,-84,-113,-105,-95,-86,-87,-94,-95,-97,-147,-114,-151,118,-129,-16,-81,0,-28,-25,-192,42,2,356,342,821,822,827,690,718,637,29984,29985,29985,29986,29990,29990,29992,29993,29993,29994,29994,29985,29996,29996,29997,29996,29996,29997,29997,29998,29999,29998,29999,29998,29999,29998,29998,29999,29999]} 1. f4 e6 2. d3 d5 3. Nf3 c5 4. c3 Nc6 5. Nbd2 Nf6 6. g3 {A02: Bird's Opening.} Be7 {[#]} 7. h3 $146 (7. Bg2 $11) ({Predecessor:} 7. Bg2 O-O 8. O-O b5 9. e4 dxe4 10. dxe4 Bb7 11. e5 Nd7 12. Ne4 Qb6 13. Be3 {1-0 (67) Gelzinnus,S (1486)-Ludwig,E (1271) Erfurt 2008}) 7... O-O 8. Bg2 {Black is slightly better.} b6 9. O-O Bb7 10. Kh2 Rc8 11. a4 Qc7 12. b3 e5 13. e3 e4 14. dxe4 Nxe4 ({Much weaker is} 14... dxe4 15. Ng5 $15) 15. Nxe4 dxe4 16. Nd2 f5 17. Qh5 Rf6 18. Nc4 Rh6 $2 (18... Ba6 $17 {Strongly threatening ...Na5.} 19. g4 Bxc4 20. bxc4 g6) 19. Qe2 $2 (19. Qxf5 $16 {is necessary to keep the advantage.} Na5 20. Nxa5) 19... Bd6 (19... Ba6 $17 {Threatens to win with ...Rd8.} 20. g4 g6) 20. Bb2 {[#]} (20. a5 $11) 20... Qf7 (20... Ba6 $1 $17 21. Qf2 Na5 22. Nxa5 Bxf1 23. Qxf1 bxa5 24. Qc4+ Kh8) 21. Rad1 Bb8 22. b4 $2 (22. Rd2 $11 {and White stays safe.}) 22... Rd8 $2 ({Black should try} 22... cxb4 $19 23. Rd2 Ba6) 23. b5 Rxd1 $4 {[%mdl 8192] Black is on the road to losing.} (23... Rf8 $11 {and Black has nothing to worry.}) 24. Rxd1 $18 Ne7 $2 (24... Re6 25. bxc6 Bxc6 26. Rd8+ Re8) 25. Rd8+ {[%mdl 64] Double Attack} Qf8 26. Rxf8+ Kxf8 27. Qd2 {Qd8+ is the strong threat.} Ng6 28. Qd8+ {[%mdl 64] Double Attack. White mates.} Kf7 29. Qxb8 {[%mdl 64] Double Attack} Bd5 30. Qc7+ Ne7 31. Ne5+ Kf6 32. c4 Be6 33. Ng4+ {[%mdl 64] Discovered Attack (Double check)} Kg6 34. Nxh6 Kxh6 {[#]} 35. Qd6 $1 Ng6 36. Qxe6 a6 37. Qxf5 {[%csl Gf4][%cal Rf5g5]} axb5 38. g4 {[%csl Gg4][%cal Rf5h5]} bxa4 39. Bf1 {[%csl Gg4][%cal Rf5h5]} Nf8 40. g5+ Kh5 41. Be2+ Kh4 42. Qg4# {Accuracy: White = 24%, Black = 27%.} 1-0

[Event "Stay Safe Play From Home 193"]
[Site "T#646517Emanuel Laske"]
[Date "2020.06.02"]
[Round "1"]
[White "Greblha"]
[Black "Rogan"]
[Result "0-1"]
[WhiteElo "2000"]
[BlackElo "2176"]
[Annotator "TA"]
[PlyCount "98"]
[EventDate "2020.06.02"]
[EventType "swiss (blitz)"]

{[%evp 9,97,-24,8,0,1,-43,0,0,30,0,10,9,5,8,16,7,24,11,26,8,16,10,25,0,4,0,12,0,8,12,20,20,33,-32,-20,-133,-129,-141,-138,-133,-120,-147,141,-98,6,-197,6,-265,215,-389,-113,-381,-379,-373,-358,-341,-312,-1620,-1281,-2164,-2152,-29988,-29989,-29989,-29990,-29990,-29991,-29991,-29991,-29991,-29992,-29992,-29992,-29992,-29993,-29994,-29993,-29993,-29993,-29993,-29994,-29994,-29995,-29995,-29995,-29999,-29998,-29998,-29999,-29999]} 1. e4 d5 2. Nc3 Nf6 3. exd5 Nxd5 4. Nxd5 Qxd5 5. Qf3 Qc5 6. c3 {B02: Alekhine's Defence: Chase Variation and lines with early Nc3.} e5 7. Qe3 Nc6 8. d4 {[#] The position is equal.} Qe7 $146 {White should prevent ...exd4.} ({Predecessor:} 8... Qd5 9. Nf3 Bd6 10. Bd3 Bg4 11. Be4 exd4 12. Bxd5+ dxe3 13. Bxc6+ bxc6 14. Bxe3 O-O {0-1 (55) Yapici,N (1691)-Zekeriyaoglu,E (2074) Manavgat 2016}) 9. dxe5 (9. d5 $5 {[%cal Rd5c6]} Nb8 10. Nf3 $14) 9... Qxe5 10. Nf3 Qxe3+ 11. Bxe3 Bg4 12. Bb5 Bxf3 13. gxf3 Bd6 (13... O-O-O {is interesting.} 14. f4 Bd6 15. O-O-O Ne7 16. Bd3 Kb8) 14. Bxc6+ (14. h4 {looks sharper.} a6 15. Ba4 O-O-O 16. Bb3 Ne7 17. Rg1) 14... bxc6 15. O-O-O O-O 16. Rd3 a5 {[%cal Ba7a5,Ba5a4,Ba4a3][%mdl 32]} 17. h4 a4 18. Rhd1 a3 19. b3 Rfe8 20. Kc2 Ra5 21. c4 ({White should try} 21. Rd4 $14) 21... Rh5 22. Bg5 (22. Rh1 $11 {keeps the balance.}) 22... f6 $17 23. Be3 Rxh4 24. c5 Be5 25. Rd7 Rh2 $2 {[%mdl 8192]} (25... g5 $17 {stays on course.} 26. Re1 Kf8) 26. Rd8 $2 (26. f4 $16 Bb2 27. Rxc7) 26... Rxd8 ({Black should play} 26... Kf8 $17 27. f4 Bb2) 27. Rxd8+ {[%mdl 4096] Endgame KRB-KRB} Kf7 {aiming for ...g5.} 28. Rd7+ $2 {[%mdl 8192] [#]} (28. f4 $1 $11 {and White has nothing to worry.} Ke7 29. Rc8) 28... Kg6 $4 {[%mdl 8192]} (28... Ke6 $1 $19 {[%cal Re6d7] and all is fine.} 29. Rxg7 f5) 29. Rd2 $4 {[%mdl 8192] [#] Black converts the advantage convincingly.} (29. f4 $18 {was the only winning move.} Bxf4 {[%mdl 64] Decoy} 30. Bxf4 Rxf2+ 31. Bd2) 29... h5 $2 (29... Kf5 $1 $19 {has better winning chances.} 30. Rd1 h5) 30. Kd3 $2 {[%mdl 8192]} (30. f4 $17 {was the only chance.} Bb2 31. Rd1) 30... Kf5 $19 31. Rd1 g5 32. Rg1 h4 33. Bd2 $2 (33. Ke2) 33... Rxf2 34. Ke3 {[#]} Bd4+ $1 {[%mdl 576] Double Attack} 35. Kd3 {[#]} (35. Kxd4 Rxd2+) 35... Rxd2+ $1 {[%mdl 64] Discovered Attack, Promotion. Black mates.} 36. Kxd2 Bxg1 {KB-KP} 37. Ke1 h3 38. Kf1 h2 39. Kg2 Kf4 40. b4 f5 41. b5 cxb5 {KB-K3P} 42. c6 g4 43. Kh1 Kg5 44. Kg2 gxf3+ 45. Kh1 f2 46. Kg2 {[#]} f1=Q+ $1 47. Kh1 (47. Kxf1 h1=Q) 47... Bf2+ 48. Kxh2 Qg1+ 49. Kh3 Qg3# {Accuracy: White = 30%, Black = 63%.} 0-1

[Event "Stay Safe Play From Home 193"]
[Site "T#646517Emanuel Laske"]
[Date "2020.06.02"]
[Round "1"]
[White "Konmos"]
[Black "Lamborghini"]
[Result "0-1"]
[WhiteElo "1611"]
[BlackElo "2182"]
[Annotator "TA"]
[PlyCount "38"]
[EventDate "2020.06.02"]
[EventType "swiss (blitz)"]

{[%evp 9,38,22,42,53,41,-38,-45,-37,-38,-35,-13,-32,-32,-68,-27,-133,-122,-325,-186,-493,-463,-466,-433,-471,-254,-240,-204,-1041,-830,-3339,-3219]} 1. e4 g6 2. f4 Bg7 3. Nf3 d6 4. d4 e6 5. c4 Ne7 6. Nc3 {B06: Modern Defence.} O-O {[#]} 7. d5 $146 ({Better is} 7. Be3 $14) ({Predecessor:} 7. Bd3 c5 8. d5 exd5 9. cxd5 Qa5 10. Bd2 Bg4 11. h3 Bxf3 12. Qxf3 Qb6 13. O-O-O {1-0 (28) Guillen Ramirez,J (2266)-Espinoza,J (1810) San Salvador 2017}) 7... exd5 $15 8. cxd5 {Black is slightly better.} c6 9. dxc6 bxc6 10. Bc4 d5 11. exd5 Qb6 {next ...Nxd5 is good for Black.} 12. d6 {[#]} (12. Qe2 $11 {remains equal.} Bxc3+ 13. bxc3 Nxd5 14. Bxd5 cxd5 15. Be3) 12... Nf5 $1 $17 13. Ng5 $2 (13. Qb3 $17) 13... Ba6 (13... Re8+ $142 14. Kf1 Ba6) 14. Qb3 $2 (14. Bxf7+ Rxf7 15. Nxf7 Kxf7 16. Qb3+ Kf8 17. Bd2) 14... Bxc4 $19 15. Qxc4 Nxd6 16. Qd3 Nf5 (16... Na6 $142 17. Kf1 (17. Qxd6 $2 Bxc3+ 18. bxc3 Rfe8+ 19. Be3 Qxe3+ 20. Kf1 h6 $19) 17... Rfe8) 17. g4 Re8+ 18. Kd1 $2 (18. Kf1 Nd4 19. f5) 18... Na6 {[#] White must now prevent ...Rad8!} 19. Kc2 Nb4+ {[%mdl 64] Double Attack. White did not feel at home in the position after the opening. Accuracy: White = 26%, Black = 69%.} 0-1

[Event "Stay Safe Play From Home 193"]
[Site "T#646517Emanuel Laske"]
[Date "2020.06.02"]
[Round "1"]
[White "Trotsky"]
[Black "Toosieslide"]
[Result "0-1"]
[WhiteElo "1572"]
[BlackElo "2222"]
[Annotator "TA"]
[PlyCount "56"]
[EventDate "2020.06.02"]
[EventType "swiss (blitz)"]

{[%evp 9,56,-11,23,-61,-49,-71,-25,-54,-38,-131,-30,-233,-16,-22,-27,-12,118,-444,-437,-456,-419,-506,-475,-614,-470,-483,-472,-495,-413,-1053,-1037,-1051,-1032,-1154,-1125,-1233,-1177,-1265,-1234,-1620,-1587,-1612,-1566,-2250,-1874,-5727,-5619,-3168,-2688]} 1. d4 Nf6 2. e3 e6 3. c4 b6 4. Nc3 Bb7 5. Qc2 Be7 6. f3 {A45: Trompowsky Attack.} (6. e4 $11) 6... d5 {[#]} 7. Bd3 $146 ({Predecessor:} 7. Nh3 O-O 8. Be2 c5 9. Qd2 cxd4 10. exd4 dxc4 11. O-O Nc6 12. Rd1 Nxd4 13. Bxc4 Bxf3 {0-1 (26) Perez Garcia,J (1624)-Sosa Rodriguez,D (1503) Tenerife 2019}) 7... Nbd7 8. Bd2 {Black has an edge.} c5 9. h4 (9. cxd5 $15 Nxd5 10. Nxd5 exd5 11. Ne2) 9... Qc7 (9... dxc4 $17 10. Bxc4 Rc8) 10. Nh3 $2 {[#]} (10. cxd5 $11 {and White has nothing to worry.} cxd4 11. exd4) 10... O-O-O $2 (10... dxc4 $19 11. Be2 a6) 11. O-O-O $11 dxc4 12. Bxc4 cxd4 (12... a6 $11 {remains equal.} 13. Bd3 h6) 13. exd4 $2 {[%mdl 8192]} (13. Nb5 $16 d3 14. Qa4) 13... Qxc4 $19 14. Nf4 Nd5 15. Nd3 Nxc3 16. bxc3 f6 17. Kb1 e5 18. Rc1 exd4 19. Qb2 (19. cxd4 $142 Qxc2+ 20. Rxc2+ Kb8 21. Re1) 19... Qxd3+ {Black is clearly winning.} 20. Ka1 Kb8 21. Rhd1 Qa6 22. Bf4+ Ka8 23. c4 Ne5 24. Rb1 Nxc4 25. Qb3 Bc5 26. Bd2 d3 27. Bb4 Bd4+ 28. Bc3 Bxc3+ {Accuracy: White = 35%, Black = 29%.} 0-1

[Event "Stay Safe Play From Home 193"]
[Site "T#646517Emanuel Laske"]
[Date "2020.06.02"]
[Round "1"]
[White "Cubail"]
[Black "Bellbox"]
[Result "0-1"]
[WhiteElo "1282"]
[BlackElo "2082"]
[Annotator "TA"]
[PlyCount "46"]
[EventDate "2020.06.02"]
[EventType "swiss (blitz)"]

{[%evp 9,45,31,30,7,85,74,77,66,58,20,59,0,0,0,20,18,22,17,12,0,0,0,91,-20,0,-19,56,-90,-114,-29995,-29996,-29996,-29997,-29997,-29998,-29998,-29999,-29999]} 1. f4 d5 2. e3 Nc6 3. Nf3 Nf6 4. c4 Bg4 5. cxd5 Nxd5 6. Nc3 {[#] A03: Bird's Opening with 1...d5.} Nxc3 $146 (6... Ndb4 $11 {keeps the balance.}) ({Predecessor:} 6... e6 7. a3 Nxc3 8. bxc3 a6 9. d4 Be7 10. Bd2 O-O 11. g3 Qd5 12. Bg2 Na5 {0-1 (34) Reda,P-Bialowas,J Warsaw 2009}) 7. bxc3 $16 e6 8. d4 {White is better.} Be7 9. Bb5 Qd7 10. Qa4 (10. O-O $14) 10... Bxf3 $11 11. gxf3 Bh4+ 12. Ke2 O-O 13. Bxc6 bxc6 14. Bd2 Rab8 15. Rab1 f6 (15... Rb6 $11) 16. Rb3 (16. Rxb8 $16 Rxb8 17. Rg1) 16... e5 17. fxe5 {Black must now prevent Qc4+.} fxe5 ({Black should try} 17... Qh3 $11 18. Rhb1 Rbe8) 18. dxe5 (18. Qc4+ $14 {stays ahead.} Kh8 19. Rxb8 Rxb8 20. dxe5) 18... Rbd8 $17 19. Qxh4 $4 {[%mdl 8192] [#] Loses the game.} (19. Qc4+ $17 Rf7 20. Rb2) 19... Qxd2+ {[%mdl 64] Double Attack. Black mates.} 20. Kf1 Rxf3+ {[%mdl 64] Double Attack} 21. Kg1 Qd1+ 22. Qe1 Qxe1+ 23. Kg2 Qf2# {Accuracy: White = 46%, Black = 64%.} 0-1